000 00775nam a2200253Ia 4500
003 OSt
005 20221005112820.0
006 a|||||r|||| 00| 0
007 ta
008 221004b |||||||| |||| 00| 0 pan d
020 _c325
024 _a116786
037 _b572, 03/02/2012, H.K. Prakashan
_cTextual
040 _aCRL
_cCRL
_bpan
041 _2pan
_apan
082 _aO153,3NCH,KA, P4
100 _aਸਵਰਨ ਚੰਦਨ
245 0 _aਕੰਜਕਾਂ
260 _aਦਿੱਲੀ
_bਆਰਸੀ ਭਾਰਤ
_c2004
300 _a478ਪੰ
_ccm.
650 _aਪੰਜਾਬੀ ਸਾਹਿਤ
942 _hO153,3NCH,KA, P4
_cTEXL
_2cc
999 _c1026067
_d1026067